<?xml version="1.0" encoding="UTF-8"?>
<marc:record xmlns:marc="http://www.loc.gov/MARC21/slim">
   <marc:leader>00000nam a2200000 a 4500</marc:leader>
   <marc:datafield ind1="1" ind2=" " tag="100">
      <marc:subfield code="a">Philippi, Hilde</marc:subfield>
      <marc:subfield code="4">aut</marc:subfield>
      <marc:subfield code="e">Verfasser/-in</marc:subfield>
   </marc:datafield>
   <marc:datafield ind1="1" ind2=" " tag="100">
      <marc:subfield code="a">Zavadlav, Ana</marc:subfield>
   </marc:datafield>
   <marc:datafield ind1=" " ind2=" " tag="653">
      <marc:subfield code="a">Lesen</marc:subfield>
   </marc:datafield>
   <marc:datafield ind1=" " ind2=" " tag="653">
      <marc:subfield code="a">Bilderbuch</marc:subfield>
   </marc:datafield>
   <marc:datafield ind1="0" ind2="0" tag="245">
      <marc:subfield code="a">Mein erstes Lieblings - Lese - Buch</marc:subfield>
   </marc:datafield>
   <marc:datafield ind1="0" ind2="0" tag="245">
      <marc:subfield code="b">Mit Bildern lesen lernen</marc:subfield>
   </marc:datafield>
   <marc:datafield ind1="0" ind2="0" tag="245">
      <marc:subfield code="c">Hilde Philippi</marc:subfield>
   </marc:datafield>
   <marc:datafield ind1=" " ind2="1" tag="264">
      <marc:subfield code="a">Wien</marc:subfield>
      <marc:subfield code="b">hpt-Verl.-Ges.</marc:subfield>
      <marc:subfield code="c">2013</marc:subfield>
   </marc:datafield>
   <marc:datafield ind1=" " ind2=" " tag="250">
      <marc:subfield code="a">2</marc:subfield>
   </marc:datafield>
   <marc:datafield ind1="1" ind2=" " tag="520">
      <marc:subfield code="a">In diesem gekonnt illustrierten Erstleserbuch begleiten Anna und Georg die kleinen Erstleser durch ein erlebnisreiches Jahr. Einzelne Begriffe werden durch kleine Bilder ersetzt - so können die Kinder selbst oder zusammen mit den Erwachsenen spielerisch einen Zugang zum Geheimnis des Lesens finden. Die spannenden Erzählungen aus der Umwelt der Kinder bieten den kleinen Lesern zusätzliches Vergnügen. Mit Freude werden die Leseanfänger Anna und Georg bei ihren Abenteuern begleiten. Mein erstes Lieblings-Lese-Buch: 12 Geschichten erzählen die alltäglichen kleinen Abenteuer von Anna und Georg.</marc:subfield>
   </marc:datafield>
   <marc:datafield ind1=" " ind2=" " tag="020">
      <marc:subfield code="a">9783700443513</marc:subfield>
      <marc:subfield code="9">9783700443513</marc:subfield>
   </marc:datafield>
   <marc:datafield ind1=" " ind2=" " tag="020">
      <marc:subfield code="a">370044351X</marc:subfield>
      <marc:subfield code="9">370044351X</marc:subfield>
   </marc:datafield>
   <marc:datafield ind1=" " ind2=" " tag="300">
      <marc:subfield code="a">32 S.</marc:subfield>
   </marc:datafield>
</marc:record>
